00458nam a2200121Ia 4500008004100000082002000041100002400061245007000085260003500155365000600190630007000196730007000266100415s9999 xx 000 0 und d b20740a799(542) aFIFE-COOKSON, J. C. aTiger Shooting in the Doon and Ulwar. Presented by: Mr. Van Ingen aLONDONc1887bCHAPMAN AND HALL b0 aTiger Shooting in the Doon and Ulwar. Presented by: Mr. Van Ingen aTiger Shooting in the Doon and Ulwar. Presented by: Mr. Van Ingen